| 000 | 00828nam a2200253 i 4500 | ||
|---|---|---|---|
| 001 | 172129 | ||
| 003 | ES-MaACL | ||
| 005 | 20230906214825.0 | ||
| 007 | t| | ||
| 008 | 090615s1982 be |||| | fre d | ||
| 020 | _a2-87027-092-5 | ||
| 080 | _a323.13(=924)(091) | ||
| 080 | _a956.94"1917/48" | ||
| 100 | 1 |
_aAlem, Jean-Pierre. _919710 |
|
| 245 | 1 | 3 |
_aLa déclaration Balfour _baux sources de l'état d'Israël / _cJean-Pierre Alem. |
| 260 |
_aBruxelles : _bComplexe, _c1982. |
||
| 300 |
_a151 p. : _bmapas ; _c18 cm. |
||
| 490 | 1 |
_aLa mémoire du siècle. 1917 ; _v20 |
|
| 650 | 0 | 4 |
_aSionismo. _917129 |
| 651 | 4 |
_aPalestina- _xHistoria- _y1917-1948. _99198 |
|
| 830 | 0 |
_aLa mémoire du siècle. 1917 ; _v20 _9223249 |
|
| 852 |
_aES-MaACL _jE-12710 _z. - Biblioteca Jacinto Martínez Lacalle |
||
| 999 |
_c172129 _d172129 |
||